000 00436nam a2200157Ia 4500
008 100122s9999 xx 000 0 und d
082 _b46751
_a823
100 _aकेळकर गोविंद
245 _aजान्हवी
250 _a1
260 _bशब्दसन्मान प्रकाशन
_c1992
300 _a138
630 _aजान्हवी
730 _aजान्हवी
942 _cBOOK
999 _c425800
_d425797